000 00847nam a2200253 a 4500
001 47332
003 BD-RjUL
005 20211209054309.0
008 160808b19831971bg ||||| |||| 00| 0 ben d
020 _c :Tk.56.00
035 _a(BD-RjUL)47451
040 _aBD-RjUL
_bben
_cBD-RjUL
041 _aben
082 _223
_a336.24
_bNUA 1981
100 _aনুরুন্নবী, এম
_9135832
245 1 0 _aআয়কর আইন = (Income-tax law) /
_cএম নুরুন্নবী
250 _a৪র্থ সংস্করণ
260 _aরাজশাহী :
_bবেগম গুলশান আরা,
_c১৯৮১
300 _avii,৩৬৪ পৃ. ;
_c২১ সেমি.
500 _aপ্রশ্নাবলী
650 _aআয় কর
_9144043
650 _aIncome taxes
_9144044
942 _2ddc
_cBK
999 _c47332
_d47332